00581nam a2200217 a 4500001001300000003000900013005001700022008004100039020002600080082001600106100002100122245003300143260002900176300000900205500003500214505002000249650003700269650002200306650001400328700002100342nice12345678IN_TiNIC20260116012241.0050524s1977 newa grp 000 0 eng  a0264563 c233.0500a261.2bCRA1 aCragg, A Kenneth aChristian and Other Religion aNew YorkbMowbray c1977 a131p aincludes index and biblioraphy2 aGlossary, Index aChristianity and Other Religions aTheology-Religion aPluralism1 aCragg, A Kenneth